| 000 | 00639nam a2200193Ia 4500 | ||
|---|---|---|---|
| 005 | 20260429112055.0 | ||
| 008 | 260429s9999||||xx |||||||||||||| ||und|| | ||
| 020 | _a9788126941544 | ||
| 041 | _aHindi | ||
| 082 |
_a306.0954 _bSHA |
||
| 100 | _aशर्मा, राम नाथ | ||
| 245 | 0 |
_aभारतीय समाज, संस्थाएँ और संस्कृति / _cराम नाथ शर्मा |
|
| 250 | _arep. | ||
| 260 |
_aनई दिल्ली : _bअटलांटिक, _c2025. |
||
| 300 | _a432 p.; Hb | ||
| 650 | _aSociology | ||
| 700 | _a आर. के. शर्मा | ||
| 942 | _cTB | ||
| 999 |
_c52210 _d52210 |
||